| 000 | 01208cam a22003614a 4500 | ||
|---|---|---|---|
| 001 | 15964424 | ||
| 005 | 20220721091058.0 | ||
| 008 | 091028s2009 enk b 001 0 eng | ||
| 010 | _a 2009499218 | ||
| 015 |
_aGBA954182 _2bnb |
||
| 016 | 7 |
_a015270929 _2Uk |
|
| 020 | _a9780521861465 (hbk.) | ||
| 020 | _a0521861462 (hbk.) | ||
| 020 | _a9780521678735 (pbk.) | ||
| 020 | _a0521678730 (pbk.) | ||
| 035 | _a(OCoLC)ocn317918774 | ||
| 040 |
_aUKM _cUKM _dBTCTA _dYDXCP _dBWKUK _dBWK _dBWX _dNLGGC _dDLC |
||
| 042 |
_aukblcatcopy _alccopycat |
||
| 050 | 0 | 0 |
_aKBP144 _b.H356 2009a |
| 082 | 0 | 4 |
_a340.59 _bHAL |
| 084 |
_a86.14 _2bcl |
||
| 100 | 1 |
_aHallaq, Wael B., _d1955- _989722 |
|
| 245 | 1 | 3 |
_aAn introduction to Islamic law / _cWael B. Hallaq. |
| 260 |
_aCambridge ; _aNew York : _bCambridge University Press, _c2009. |
||
| 300 |
_avii, 200 p. ; _c24 cm. |
||
| 504 | _aIncludes bibliographical references (p. 184-191) and index. | ||
| 650 | 0 | _aIslamic law. | |
| 650 | 0 |
_aIslamic law _xHistory. |
|
| 650 | 1 | 7 |
_aIslamitisch recht. _2gtt |
| 906 |
_a7 _bcbc _ccopycat _d2 _encip _f20 _gy-gencatlg |
||
| 942 |
_2ddc _cBK |
||
| 999 |
_c590428 _d590428 |
||